000 00865 a2200217 4500
001 54064
005 20260407155811.0
008 260407a1973 arg spa d
003 AR-UNSa-BCEJYS
040 _aAR-UNSa-BCEJYS
_bspa
_cAR-UNSa-BCEJYS
080 _a330.4
_xEconomía matemática
245 1 0 _aTécnicas matemáticas del análisis económico
264 1 _aBogotá :
_bPrentice/Hall Internacional
_c1973
300 _axii, 262 p.
_c23 cm.
505 _aParte I: Análisis estático - 1. Análisis estático comparado - 2. Teoría de la optimización - Parte II: Análisis dinámico - 3. Técnicas para modelos económicos dinámicos - 4. Teoría de la estabilidad - 5. Teoría del control óptimo
041 _aspa
942 _cBK
590 _aniveau_biblio:m niveau_hierar:0
100 1 _aBenavie, Arthur
700 1 _aCastaño Ceballos, Jesús Maria
999 _c5332
_d5332